000
00331nam a2200121 a 4500
005
20140414131854.0
008
100817s19uu xx 00 eng d
050
_a
M 793.73
_b
M17 2008
100
_a
McGill, Nancy
245
_a
The Hunchback of Notre Dame :
_b
Look and Find.
260
_a
Illinois :
_b
Disney,
_c
1996.
999
_c
110365
_d
110365